00379nam a2200145Ia 4500003000400000008004100004020002700045040000800072100002600080245005900106250001200165260002900177300001500206365001200221LDD181029s9999 xx 000 0 und d a9780826198129c125.00 cLDD aFitzpatrick, Joyce J. 0aEncyclopedia of nursing researchcJoyce J. Fitzpatrick a2nd ed. aNew YorkbSpringerc2006 axxxvi, 795 b125.00